<?xml version="1.0" encoding="UTF-8"?>
<record
    xmlns:xsi="http://www.w3.org/2001/XMLSchema-instance"
    xsi:schemaLocation="http://www.loc.gov/MARC21/slim http://www.loc.gov/standards/marcxml/schema/MARC21slim.xsd"
    xmlns="http://www.loc.gov/MARC21/slim">

  <leader>01966nam a22002417a 4500</leader>
  <datafield tag="999" ind1=" " ind2=" ">
    <subfield code="c">39730</subfield>
    <subfield code="d">39730</subfield>
  </datafield>
  <datafield tag="020" ind1=" " ind2=" ">
    <subfield code="a">9789383445684</subfield>
  </datafield>
  <datafield tag="041" ind1=" " ind2=" ">
    <subfield code="a">eng.</subfield>
  </datafield>
  <datafield tag="082" ind1=" " ind2=" ">
    <subfield code="a">386.09593</subfield>
    <subfield code="b">NAR-I</subfield>
  </datafield>
  <datafield tag="100" ind1=" " ind2=" ">
    <subfield code="a">Narayanan, Sripathi </subfield>
    <subfield code="e">author</subfield>
  </datafield>
  <datafield tag="245" ind1=" " ind2=" ">
    <subfield code="a">Isthmus of Kra :</subfield>
    <subfield code="b">Connecting the Malay Peninsula by Rail and Canal /</subfield>
    <subfield code="c">Sripathi Narayanan</subfield>
  </datafield>
  <datafield tag="260" ind1=" " ind2=" ">
    <subfield code="a">New Delhi :</subfield>
    <subfield code="b">Indian Council of World Affairs,</subfield>
    <subfield code="c">2022.</subfield>
  </datafield>
  <datafield tag="300" ind1=" " ind2=" ">
    <subfield code="a">58p.</subfield>
  </datafield>
  <datafield tag="520" ind1=" " ind2=" ">
    <subfield code="a">The Isthmus of Kra, which acts as a land bridge that connects the Malay Peninsula with the rest of continental Southeast
Asia has been at the centre of two connectivity networks. The first is a canal cutting across the isthmus, thereby connecting
the Andaman Sea and the Gulf of Thailand. The second is the Singapore-Kunming Rail Line (SKRL), which is aimed at providing rail connectivity within the continental part of Southeast Asia, with Kunming, the capital of Yunnan Province of China. Both these
connectivity networks have been in the pipeline for many years. This paper analyses the progress that has been made in both these networks and the implication of the same on the region. The paper also examines the implications of these two connectivity networks in the context of the larger Indo-Pacific Region (IPR). Of note here is the potentiality of both these two communication networks increasing the level of economic and people to people contact, which in turn would be reflected on the influence of China upon the nations of Southeast Asian. </subfield>
  </datafield>
  <datafield tag="546" ind1=" " ind2=" ">
    <subfield code="a">English</subfield>
  </datafield>
  <datafield tag="650" ind1=" " ind2=" ">
    <subfield code="a">Railroads</subfield>
    <subfield code="x">Planning</subfield>
    <subfield code="z">Thailand</subfield>
    <subfield code="z">Kra Isthmus</subfield>
  </datafield>
  <datafield tag="650" ind1=" " ind2=" ">
    <subfield code="a">Canals</subfield>
    <subfield code="x">Planning</subfield>
    <subfield code="z">Thailand</subfield>
    <subfield code="z">Kra Isthmus</subfield>
  </datafield>
  <datafield tag="650" ind1=" " ind2=" ">
    <subfield code="a">Transportation</subfield>
    <subfield code="x">Economic aspects</subfield>
    <subfield code="z">Thailand</subfield>
    <subfield code="z">Kra Isthmus</subfield>
  </datafield>
  <datafield tag="650" ind1=" " ind2=" ">
    <subfield code="a">Infrastructure (Economics)</subfield>
    <subfield code="x">Government policy</subfield>
    <subfield code="z">Thailand</subfield>
  </datafield>
  <datafield tag="650" ind1=" " ind2=" ">
    <subfield code="a">Regional development</subfield>
    <subfield code="x">Economic aspects</subfield>
    <subfield code="z">Thailand</subfield>
    <subfield code="z">Kra Isthmus</subfield>
  </datafield>
  <datafield tag="650" ind1=" " ind2=" ">
    <subfield code="a">Strategic planning</subfield>
    <subfield code="x">Transportation</subfield>
    <subfield code="z">Southeast Asia</subfield>
  </datafield>
  <datafield tag="650" ind1=" " ind2=" ">
    <subfield code="a">Geopolitics</subfield>
    <subfield code="x">Economic aspects</subfield>
    <subfield code="z">Southeast Asia</subfield>
  </datafield>
  <datafield tag="942" ind1=" " ind2=" ">
    <subfield code="2">ddc</subfield>
    <subfield code="c">BK</subfield>
  </datafield>
  <datafield tag="952" ind1=" " ind2=" ">
    <subfield code="0">0</subfield>
    <subfield code="1">0</subfield>
    <subfield code="4">0</subfield>
    <subfield code="7">0</subfield>
    <subfield code="a">NASSDOC</subfield>
    <subfield code="b">NASSDOC</subfield>
    <subfield code="d">2024-03-28</subfield>
    <subfield code="e">Gratis</subfield>
    <subfield code="g">0.00</subfield>
    <subfield code="i">NA</subfield>
    <subfield code="l">0</subfield>
    <subfield code="o">386.09593 NAR-I</subfield>
    <subfield code="p">54772</subfield>
    <subfield code="r">2025-05-23 00:00:00</subfield>
    <subfield code="w">2024-03-28</subfield>
    <subfield code="y">BK</subfield>
  </datafield>
</record>
